000 005680000a22001810004500
003 MACL
005 20160219151128.0
008 160219b xxu||||| |||| 00| 0 eng d
040 _aMACL
_cMACL
041 _aHindi
082 _a301
100 _aमुकर्जी रवीन्‍द्र नाथ
_939091
245 _aसामाजिक सुरक्षा और श्रम कल्‍याण
260 _bसरस्‍वती सदन
_c1963
_aमसूरी
350 _a10
650 _aSociology
_939092
942 _cHIN
_k301
_2ddc
999 _c25750
_d25750